[Event "EU-ch U12 27th"]
[Site "Mamaia"]
[Date "2017.09.09"]
[Round "5"]
[White "Sipos, Sony Laurentiu"]
[Black "Costescu, Mihnea Constantin"]
[Result "0-1"]
[WhiteElo "1301"]
[BlackElo "1468"]
[PlyCount "40"]
[EventDate "2017.09.05"]
[EventType "swiss"]
[EventRounds "9"]
[EventCountry "ROU"]
[SourceTitle "CBM 180 Extra"]
[Source "ChessBase"]
[SourceDate "2017.10.06"]
[SourceVersion "1"]
[SourceVersionDate "2017.10.06"]
[SourceQuality "1"]

1. d4 d5 2. Bf4 c5 3. c3 Qb6 4. Qb3 Qxb3 5. axb3 cxd4 6. cxd4 Nc6 7. e3 Bf5 8. Nc3 e6 9. Nb5 Bb4+ 10. Kd1 Kd7 11. h3 Nf6 12. Nf3 Ne4 13. Ke2 a6 14. Na3 f6 15. g4 Bg6 16. h4 Na5 17. Rc1 Rac8 18. g5 fxg5 19. hxg5 Nxb3 20. Rxc8 Rxc8 0-1

[Event "ROM-ch U10"]
[Site "Calimanesti"]
[Date "2015.04.06"]
[Round "9"]
[White "Baciu, Daniel"]
[Black "Sipos, Sony Laurentiu"]
[Result "0-1"]
[WhiteElo "1366"]
[BlackElo "1292"]
[PlyCount "102"]
[EventDate "2015.03.30"]
[EventType "swiss"]
[EventRounds "9"]
[EventCountry "ROU"]
[SourceTitle "CBM 165 Extra"]
[Source "ChessBase"]
[SourceDate "2015.04.21"]
[SourceVersion "1"]
[SourceVersionDate "2015.04.21"]
[SourceQuality "1"]

1. d4 e6 2. c4 Nf6 3. Nc3 Bb4 4. Bg5 0-0 5. Nf3 h6 6. Bd2 Bxc3 7. Bxc3 b6 8. Qc2 Bb7 9. e3 Bxf3 10. gxf3 d5 11. e4 Nc6 12. e5 Nh7 13. Bd3 Ng5 14. Qe2 dxc4 15. Bxc4 Nxd4 16. Bxd4 Qxd4 17. Bd3 Rad8 18. 0-0-0 Qf4+ 19. Kb1 Qxf3 20. Qc2 c5 21. Rhe1 Kh8 22. h4 Nh3 23. Re3 Qg2 24. Bf1 Rxd1+ 25. Qxd1 Qg6+ 26. Bd3 Qg2 27. Bf1 Qg6+ 28. Bd3 Nxf2 29. Bxg6 Nxd1 30. Re1 Nxb2 31. Bxf7 Rxf7 32. Kxb2 Rf4 33. Rd1 Rxh4 34. Rd7 a5 35. Rb7 Rb4+ 36. Kc3 a4 37. Re7 Kg8 38. Rxe6 Kf7 39. Rc6 h5 40. a3 Rb3+ 41. Kc4 h4 42. Kd5 h3 43. Kd6 Rd3+ 44. Kc7 h2 45. Rd6 Rxd6 46. exd6 h1Q 47. d7 Qh4 48. d8Q Qxd8+ 49. Kxd8 b5 50. Kd7 b4 51. axb4 cxb4 0-1

[Event "ROM-ch U10"]
[Site "Calimanesti"]
[Date "2015.04.04"]
[Round "7"]
[White "Anghel, Iulian Mihai"]
[Black "Sipos, Sony Laurentiu"]
[Result "1/2-1/2"]
[WhiteElo "1534"]
[BlackElo "1292"]
[PlyCount "138"]
[EventDate "2015.03.30"]
[EventType "swiss"]
[EventRounds "9"]
[EventCountry "ROU"]
[SourceTitle "CBM 165 Extra"]
[Source "ChessBase"]
[SourceDate "2015.04.21"]
[SourceVersion "1"]
[SourceVersionDate "2015.04.21"]
[SourceQuality "1"]

1. d4 e6 2. c4 Nf6 3. Nc3 Bb4 4. Bg5 0-0 5. Nf3 h6 6. Bd2 Bxc3 7. Bxc3 d6 8. e3 b6 9. Bd3 Bb7 10. 0-0 Nbd7 11. Re1 Re8 12. e4 e5 13. d5 c6 14. Bb4 cxd5 15. cxd5 Nc5 16. Bb5 Re7 17. Nd2 Rc7 18. f3 a6 19. Bf1 Rac8 20. Nc4 Rd7 21. Rc1 Nh5 22. Bd2 a5 23. Be3 Ba6 24. Bxc5 Rxc5 25. Nxe5 dxe5 26. Rxc5 bxc5 27. Bxa6 Nf4 28. Bf1 Qg5 29. g3 Rb7 30. Qc2 h5 31. Ba6 Rc7 32. Kh1 Ng6 33. a3 h4 34. Qc1 Qf6 35. Rf1 Qxa6 36. Rf2 Qb6 37. Qg5 hxg3 38. Qd8+ Nf8 39. hxg3 Rb7 40. Qh4 Ng6 41. Qh3 Rb8 42. Qd7 Rd8 43. Qa4 Kf8 44. Qc4 Ne7 45. Rc2 Rc8 46. Rd2 Rd8 47. Kg2 Rd7 48. Rc2 Rc7 49. b4 axb4 50. axb4 Nc8 51. bxc5 Qb8 52. c6 Ke8 53. Qc5 Qa7 54. Qc3 f5 55. Rb2 Nd6 56. Qb4 Ke7 57. Qb3 Qd4 58. Qb8 Ne8 59. Rb7 Qd2+ 60. Kh3 Qh6+ 61. Kg2 Qd2+ 62. Kf1 Qd1+ 63. Kf2 Qd2+ 64. Kg1 Qe3+ 65. Kh2 Qd2+ 66. Kh1 Qc1+ 67. Kh2 Qd2+ 68. Kg1 Qc1+ 69. Kg2 Qd2+ 1/2-1/2

[Event "ROM-ch U10"]
[Site "Calimanesti"]
[Date "2015.04.01"]
[Round "3"]
[White "Bobeanu, Stefan Valentin"]
[Black "Sipos, Sony Laurentiu"]
[Result "1-0"]
[WhiteElo "1156"]
[BlackElo "1292"]
[PlyCount "73"]
[EventDate "2015.03.30"]
[EventType "swiss"]
[EventRounds "9"]
[EventCountry "ROU"]
[SourceTitle "CBM 165 Extra"]
[Source "ChessBase"]
[SourceDate "2015.04.21"]
[SourceVersion "1"]
[SourceVersionDate "2015.04.21"]
[SourceQuality "1"]

1. e4 e6 2. d4 d5 3. e5 c5 4. Nf3 Nc6 5. Bb5 a6 6. Bxc6+ bxc6 7. c3 Ne7 8. 0-0 Rb8 9. b3 Nf5 10. Bg5 Be7 11. Bxe7 Qxe7 12. Qd2 0-0 13. Re1 Qa7 14. Na3 cxd4 15. cxd4 c5 16. Nc2 Bd7 17. Rad1 Rfc8 18. Qf4 a5 19. Nh4 Nxh4 20. Qxh4 cxd4 21. Nxd4 a4 22. Re3 h6 23. Rg3 Qc7 24. Qxh6 Qxe5 25. f4 Qxd4+ 26. Rxd4 Rc1+ 27. Kf2 g6 28. f5 Rc2+ 29. Rd2 Rxd2+ 30. Qxd2 axb3 31. axb3 Kg7 32. fxg6 fxg6 33. Qd4+ Kf7 34. Qa7 Rd8 35. Rf3+ Ke7 36. Qc5+ Ke8 37. Qf8# 1-0

[Event "ROM-ch U10"]
[Site "Calimanesti"]
[Date "2014.04.13"]
[Round "9"]
[White "Sipos, Sony Laurentiu"]
[Black "Bonciu, David"]
[Result "0-1"]
[WhiteElo "1354"]
[BlackElo "1581"]
[PlyCount "122"]
[EventDate "2014.04.06"]
[EventType "swiss"]
[EventRounds "9"]
[EventCountry "ROU"]
[SourceTitle "CBM 160 Extra"]
[Source "ChessBase"]
[SourceDate "2014.07.01"]
[SourceVersion "1"]
[SourceVersionDate "2014.07.01"]
[SourceQuality "1"]

1. e4 c5 2. Nf3 Nc6 3. d4 cxd4 4. Nxd4 g6 5. Nc3 Bg7 6. Be3 Nf6 7. Bc4 d6 8. f3 Bd7 9. Qd2 0-0 10. 0-0 Rc8 11. Nxc6 Rxc6 12. Bb3 a6 13. h3 Qc7 14. f4 Nh5 15. Nd5 Qd8 16. e5 dxe5 17. fxe5 Bxe5 18. Bg5 Bf6 19. Rae1 Re8 20. Bxf6 Nxf6 21. Nxf6+ exf6 22. Rxe8+ Qxe8 23. Re1 Be6 24. c4 Qd7 25. Qxd7 Bxd7 26. Ba4 Rd6 27. c5 Rd5 28. Bxd7 Rxd7 29. b4 Kf8 30. Rc1 Rd2 31. a4 Rd4 32. c6 bxc6 33. Rxc6 Rxb4 34. Rxa6 f5 35. a5 Ra4 36. Ra7 g5 37. a6 h5 38. Kf2 Ra2+ 39. Kf3 g4+ 40. hxg4 fxg4+ 41. Kg3 Ra5 42. Kf4 Kg7 43. Ra8 Ra4+ 44. Ke5 h4 45. a7 h3 46. gxh3 gxh3 47. Rb8 h2 48. Rb1 Rxa7 49. Rh1 Ra2 50. Kf4 Kg6 51. Kg3 Kg5 52. Rxh2 Rxh2 53. Kxh2 Kf4 54. Kg2 f6 55. Kf2 f5 56. Kg2 Ke3 57. Kf1 f4 58. Ke1 f3 59. Kf1 f2 60. Kg2 Ke2 61. Kg3 f1Q 0-1

[Event "ROM-ch U10"]
[Site "Calimanesti"]
[Date "2014.04.12"]
[Round "8"]
[White "Iliescu, David Adrian"]
[Black "Sipos, Sony Laurentiu"]
[Result "0-1"]
[WhiteElo "1250"]
[BlackElo "1354"]
[PlyCount "90"]
[EventDate "2014.04.06"]
[EventType "swiss"]
[EventRounds "9"]
[EventCountry "ROU"]
[SourceTitle "CBM 160 Extra"]
[Source "ChessBase"]
[SourceDate "2014.07.01"]
[SourceVersion "1"]
[SourceVersionDate "2014.07.01"]
[SourceQuality "1"]

1. e4 c5 2. Nc3 Nc6 3. Nf3 d6 4. Be2 Nf6 5. d4 cxd4 6. Nxd4 e6 7. Be3 Be7 8. 0-0 a6 9. Qd2 Qc7 10. Rad1 b5 11. Bf3 Bb7 12. Rfe1 b4 13. Nce2 a5 14. Nb5 Qd7 15. Nxd6+ Bxd6 16. Qxd6 Qxd6 17. Rxd6 Ne5 18. Ng3 h5 19. Rb6 Bc6 20. Rxc6 Nxc6 21. Bd2 Rc8 22. c3 h4 23. Nf1 Nd7 24. Rc1 0-0 25. Bg5 Nde5 26. Bxh4 Nxf3+ 27. gxf3 f5 28. exf5 exf5 29. cxb4 Nxb4 30. Rxc8 Rxc8 31. a3 Nd3 32. Ne3 g6 33. Nd5 Rc1+ 34. Kg2 Nxb2 35. Bf6 Nc4 36. Bg5 Ra1 37. Nf4 Kf7 38. Nh3 Rxa3 39. Bc1 Ra1 40. Bf4 a4 41. Ng5+ Ke7 42. Nh3 a3 43. Bg5+ Kf7 44. Nf4 a2 45. Nd3 Rd1 0-1

[Event "ROM-ch U10"]
[Site "Calimanesti"]
[Date "2014.04.10"]
[Round "6"]
[White "Arsinoaia, Ioan Alexandru"]
[Black "Sipos, Sony Laurentiu"]
[Result "1-0"]
[WhiteElo "1288"]
[BlackElo "1354"]
[PlyCount "129"]
[EventDate "2014.04.06"]
[EventType "swiss"]
[EventRounds "9"]
[EventCountry "ROU"]
[SourceTitle "CBM 160 Extra"]
[Source "ChessBase"]
[SourceDate "2014.07.01"]
[SourceVersion "1"]
[SourceVersionDate "2014.07.01"]
[SourceQuality "1"]

1. e4 c5 2. Nf3 d6 3. Nc3 Nc6 4. Bc4 e6 5. d4 cxd4 6. Nxd4 Nf6 7. Nxc6 bxc6 8. Bg5 Be7 9. 0-0 0-0 10. Qf3 Qc7 11. Rfe1 Re8 12. Bf4 e5 13. Bg5 h6 14. Be3 Ng4 15. Bd2 Rb8 16. Bxf7+ Kh8 17. Bxe8 Qd8 18. h3 Nf6 19. Bg6 Rxb2 20. Rec1 d5 21. Rab1 Qb6 22. Na4 Qd4 23. Nxb2 Qxd2 24. Qd3 Qg5 25. exd5 cxd5 26. Qg3 Qxg3 27. fxg3 e4 28. Na4 Bd6 29. Rd1 Bxg3 30. Nc3 e3 31. Ne2 Bf2+ 32. Kf1 Nd7 33. Nf4 Ba6+ 34. Bd3 Bxd3+ 35. Nxd3 Nf6 36. Nxf2 exf2 37. Kxf2 Ne4+ 38. Kg1 Nc3 39. Rb8+ Kh7 40. Rd3 d4 41. Rxc3 dxc3 42. Rb3 g5 43. Rxc3 Kg6 44. Rc7 a5 45. c4 Kf6 46. Rc8 Ke7 47. c5 Kd7 48. Rh8 Kc6 49. Ra8 Kxc5 50. Rxa5+ Kb4 51. Ra6 h5 52. Rg6 g4 53. hxg4 hxg4 54. Rxg4+ Ka3 55. Kf2 Kxa2 56. Rb4 Ka3 57. Rb8 Ka4 58. Ke3 Ka5 59. Kd4 Ka6 60. Kc5 Ka7 61. Rb1 Ka6 62. Rb2 Ka7 63. Kc6 Ka8 64. Kc7 Ka7 65. Ra2# 1-0

[Event "ROM-ch U10"]
[Site "Calimanesti"]
[Date "2014.04.06"]
[Round "1"]
[White "Sipos, Sony Laurentiu"]
[Black "Rudareanu Mihancea, Bernard"]
[Result "1-0"]
[WhiteElo "1354"]
[BlackElo "1020"]
[PlyCount "33"]
[EventDate "2014.04.06"]
[EventType "swiss"]
[EventRounds "9"]
[EventCountry "ROU"]
[SourceTitle "CBM 160 Extra"]
[Source "ChessBase"]
[SourceDate "2014.07.01"]
[SourceVersion "1"]
[SourceVersionDate "2014.07.01"]
[SourceQuality "1"]

1. e4 e5 2. Nf3 Nc6 3. Bc4 Nf6 4. Ng5 d5 5. exd5 Nxd5 6. Nxf7 Kxf7 7. Qf3+ Ke8 8. Bxd5 Qf6 9. Qe3 Ne7 10. Nc3 Qg6 11. d3 Qxg2 12. Bxg2 Nf5 13. Qxe5+ Be7 14. Nd5 Bd7 15. Nxc7+ Kd8 16. Nxa8 Re8 17. Qc7# 1-0